[Event "20.  Ciudad de Pamplona - Magistral"]
[Site "Pamplona ESP"]
[Date "2010.12.27"]
[Round "6.4"]
[White "Monell Camarasa, David"]
[Black "Lillo Castay, Victor"]
[Result "0-1"]
[WhiteElo "2257"]
[BlackElo "2288"]
[PlyCount "46"]
[EventDate "2010.12.22"]
[EventType "tourn"]
[EventRounds "9"]
[EventCountry "ESP"]
[EventCategory "2"]
[Source "lmi"]
[SourceDate "2010.12.22"]

1. d4 d5 2. c4 c6 3. Nf3 Nf6 4. Nc3 e6 5. e3 Nbd7 6. Qc2 Bd6 7. Be2 O-O 8. O-O
Re8 9. Rd1 Qe7 10. e4 Nxe4 11. Nxe4 dxe4 12. Qxe4 e5 13. Bg5 Qf8 14. Bd3 f5 15.
Qh4 e4 16. c5 Bxc5 17. Bc4+ Kh8 18. dxc5 exf3 19. Rd6 Re4 20. Qh5 Rxc4 21. gxf3
Rxc5 22. Re1 f4 23. Re8 Rxg5+ 0-1

[Event "20.  Ciudad de Pamplona - Magistral"]
[Site "Pamplona ESP"]
[Date "2010.12.27"]
[Round "6.5"]
[White "Tetimov, Ivan"]
[Black "Burguete Archel, Eduardo"]
[Result "0-1"]
[WhiteElo "1997"]
[BlackElo "2214"]
[PlyCount "64"]
[EventDate "2010.12.22"]
[EventType "tourn"]
[EventRounds "9"]
[EventCountry "ESP"]
[EventCategory "2"]
[Source "lmi"]
[SourceDate "2010.12.22"]

1. d4 Nf6 2. c4 c5 3. Nf3 e6 4. g3 b6 5. Bg2 Bb7 6. d5 exd5 7. Nh4 g6 8. Nc3
Bg7 9. O-O O-O 10. cxd5 d6 11. Bf4 Nh5 12. Bd2 Nd7 13. e4 Ne5 14. Nf5 Ba6 15.
Nxg7 Bxf1 16. Nxh5 Bxg2 17. Kxg2 gxh5 18. Bh6 Re8 19. Qxh5 Qf6 20. Bg5 Qg6 21.
Qxg6+ fxg6 22. Nb5 Nf7 23. Bf6 Rxe4 24. Nc7 Rc8 25. Ne6 Re2 26. Kf3 Rd2 27. Nf4
Ne5+ 28. Ke3 Rd4 29. h3 Re8 30. Ne6 Rxd5 31. Ke4 Rxe6 32. Kxd5 Rxf6 0-1

[Event "20.  Ciudad de Pamplona - Magistral"]
[Site "Pamplona ESP"]
[Date "2010.12.28"]
[Round "7.1"]
[White "Burguete Archel, Eduardo"]
[Black "Vega Gutierrez, Sabrina"]
[Result "0-1"]
[WhiteElo "2214"]
[BlackElo "2342"]
[PlyCount "88"]
[EventDate "2010.12.22"]
[EventType "tourn"]
[EventRounds "9"]
[EventCountry "ESP"]
[EventCategory "2"]
[Source "lmi"]
[SourceDate "2010.12.22"]

1. e4 c5 2. Nf3 Nc6 3. d4 cxd4 4. Nxd4 Nf6 5. Nc3 e5 6. Ndb5 d6 7. Bg5 a6 8.
Na3 b5 9. Bxf6 gxf6 10. Nd5 Bg7 11. c3 f5 12. exf5 Bxf5 13. Nc2 O-O 14. Nce3
Be6 15. a4 Ne7 16. Nxe7+ Qxe7 17. axb5 axb5 18. Rxa8 Rxa8 19. Bxb5 Qb7 20. Be2
d5 21. O-O f5 22. Qc2 Rf8 23. Nd1 e4 24. f4 Rb8 25. Kh1 Qb3 26. Qd2 d4 27. cxd4
Rd8 28. Qa5 Rxd4 29. Qa8+ Bf8 30. Qc6 Rd6 31. Qc3 Bg7 32. Qxb3 Bxb3 33. g4 Rd2
34. Re1 Rxe2 35. Rxe2 Bxd1 36. Rd2 Bxg4 37. Kg2 e3 38. Rd8+ Kf7 39. h3 Bh5 40.
Rd7+ Kg6 41. Rd6+ Bf6 42. b4 Kf7 43. Rd3 e2 44. Kf2 Bh4+ 0-1

[Event "20.  Ciudad de Pamplona - Magistral"]
[Site "Pamplona ESP"]
[Date "2010.12.28"]
[Round "7.2"]
[White "Lillo Castay, Victor"]
[Black "Tetimov, Ivan"]
[Result "0-1"]
[WhiteElo "2288"]
[BlackElo "1997"]
[PlyCount "56"]
[EventDate "2010.12.22"]
[EventType "tourn"]
[EventRounds "9"]
[EventCountry "ESP"]
[EventCategory "2"]
[Source "lmi"]
[SourceDate "2010.12.22"]

1. e4 e6 2. d4 d5 3. Nd2 dxe4 4. Nxe4 Nd7 5. Bd3 Ngf6 6. Qe2 Be7 7. Nf3 c5 8.
Nxc5 Nxc5 9. dxc5 Qa5+ 10. Bd2 Qxc5 11. O-O-O Bd7 12. Ne5 Rd8 13. Kb1 O-O 14.
g4 Bc6 15. Rhg1 Nd7 16. Nxc6 Qxc6 17. g5 Nc5 18. Bxh7+ Kxh7 19. Qh5+ Kg8 20.
Rg3 Rxd2 21. Rxd2 Ne4 22. Rd4 Nxg3 23. hxg3 g6 24. Qg4 Rd8 25. Rxd8+ Bxd8 26.
c3 Qd5 27. f4 Qd3+ 28. Kc1 Bb6 0-1

[Event "20.  Ciudad de Pamplona - Magistral"]
[Site "Pamplona ESP"]
[Date "2010.12.28"]
[Round "7.3"]
[White "Lariño Nieto, David"]
[Black "Monell Camarasa, David"]
[Result "1-0"]
[WhiteElo "2451"]
[BlackElo "2257"]
[PlyCount "55"]
[EventDate "2010.12.22"]
[EventType "tourn"]
[EventRounds "9"]
[EventCountry "ESP"]
[EventCategory "2"]
[Source "lmi"]
[SourceDate "2010.12.22"]

1. b3 e5 2. Bb2 Nc6 3. e3 d5 4. Bb5 Bd6 5. Nf3 f6 6. d4 exd4 7. Nxd4 Nge7 8.
Qh5+ g6 9. Qf3 O-O 10. Bxc6 bxc6 11. Nxc6 Qd7 12. Nxe7+ Bxe7 13. Nc3 c6 14.
O-O-O Qg4 15. Qxg4 Bxg4 16. f3 Be6 17. e4 dxe4 18. Nxe4 f5 19. Nf2 c5 20. Rhe1
Rfe8 21. c4 a5 22. a4 Rab8 23. Kc2 Bf8 24. Nd3 f4 25. Be5 Rbd8 26. Bc7 Ra8 27.
Bxf4 h5 28. Nf2 1-0

[Event "20.  Ciudad de Pamplona - Magistral"]
[Site "Pamplona ESP"]
[Date "2010.12.28"]
[Round "7.5"]
[White "Zamarbide Iñarrea, Daniel"]
[Black "Moreno Garcia, Daniel"]
[Result "1/2-1/2"]
[WhiteElo "2194"]
[BlackElo "2283"]
[PlyCount "90"]
[EventDate "2010.12.22"]
[EventType "tourn"]
[EventRounds "9"]
[EventCountry "ESP"]
[EventCategory "2"]
[Source "lmi"]
[SourceDate "2010.12.22"]

1. e4 c5 2. Nf3 e6 3. c3 Nf6 4. e5 Nd5 5. d4 cxd4 6. cxd4 d6 7. Bc4 Nb6 8. Bb3
dxe5 9. dxe5 Qxd1+ 10. Bxd1 Nc6 11. O-O Bd7 12. Nc3 Bb4 13. Nb5 O-O 14. a3 Be7
15. Be2 Nd5 16. Bd2 Rfd8 17. Rac1 Rac8 18. Nc3 Nxc3 19. Bxc3 Be8 20. b4 a6 21.
Bb2 Na7 22. Nd4 Nb5 23. Bxb5 Bxb5 24. Nxb5 axb5 25. Rxc8 Rxc8 26. Rc1 Rxc1+ 27.
Bxc1 Kf8 28. f4 Ke8 29. Kf2 Kd7 30. Ke3 Kc6 31. Kd3 Kd5 32. g4 h6 33. Be3 g6
34. Bd2 Bh4 35. Be3 Bd8 36. Bd2 Bb6 37. Bc3 Bf2 38. Bb2 h5 39. gxh5 gxh5 40.
Bc3 Bg1 41. h3 Bf2 42. Bb2 Bg1 43. Bc3 Bb6 44. Bb2 Ba7 45. Bc3 Bg1 1/2-1/2

[Event "20.  Ciudad de Pamplona - Magistral"]
[Site "Pamplona ESP"]
[Date "2010.12.29"]
[Round "8.1"]
[White "Vega Gutierrez, Sabrina"]
[Black "Moreno Garcia, Daniel"]
[Result "0-1"]
[WhiteElo "2342"]
[BlackElo "2283"]
[PlyCount "130"]
[EventDate "2010.12.22"]
[EventType "tourn"]
[EventRounds "9"]
[EventCountry "ESP"]
[EventCategory "2"]
[Source "lmi"]
[SourceDate "2010.12.22"]

1. e4 c5 2. Nf3 d6 3. d4 Nf6 4. Nc3 cxd4 5. Nxd4 a6 6. Be2 e5 7. Nb3 Be7 8. O-O
O-O 9. a4 Be6 10. Bf3 Nbd7 11. Re1 Qc7 12. Nd2 Nb6 13. Nf1 Rfd8 14. Ne3 Rac8
15. Re2 Qc5 16. a5 Nc4 17. Ncd5 Bxd5 18. Nf5 Re8 19. exd5 Bd8 20. b3 e4 21.
bxc4 exf3 22. Rxe8+ Nxe8 23. Bb2 Qxc4 24. Qxf3 Qxc2 25. Qe3 Bf6 26. Re1 h6 27.
Ne7+ Bxe7 28. Rc1 Qxb2 29. Rxc8 Qa1+ 30. Rc1 Qe5 31. Re1 Qxe3 32. Rxe3 Kf8 33.
Rb3 Bd8 34. Rxb7 Bxa5 35. Ra7 Bb4 36. Rxa6 Nc7 37. Rb6 Nxd5 38. Rb7 Bc5 39. Kf1
f5 40. g3 Ne7 41. Ke2 Kf7 42. f3 Kf6 43. Kd3 Nc6 44. f4 Bg1 45. h3 Ne7 46. Ke2
Ke6 47. Kf3 Bd4 48. g4 Bf6 49. Rb5 d5 50. Rb6+ Kd7 51. Ra6 Nc6 52. gxf5 Kd6 53.
Ke3 Kc5 54. Ra8 Ne7 55. Kd3 Nxf5 56. Ra5+ Kd6 57. Ra6+ Ke7 58. Ra7+ Ke6 59.
Ra6+ Kf7 60. Ra5 Ne7 61. f5 Be5 62. Ra7 Kf6 63. Rd7 Bf4 64. h4 h5 65. Ra7 Nxf5
0-1

[Event "20.  Ciudad de Pamplona - Magistral"]
[Site "Pamplona ESP"]
[Date "2010.12.29"]
[Round "8.2"]
[White "Alonso Garcia, Rene"]
[Black "Zamarbide Iñarrea, Daniel"]
[Result "0-1"]
[WhiteElo "2409"]
[BlackElo "2194"]
[PlyCount "76"]
[EventDate "2010.12.22"]
[EventType "tourn"]
[EventRounds "9"]
[EventCountry "ESP"]
[EventCategory "2"]
[Source "lmi"]
[SourceDate "2010.12.22"]

1. d4 Nf6 2. c4 Nc6 3. Nf3 e6 4. e3 Bb4+ 5. Nbd2 d6 6. Be2 O-O 7. O-O Bxd2 8.
Nxd2 e5 9. dxe5 dxe5 10. b3 Qe7 11. Bb2 Bf5 12. Qc1 Rfd8 13. Qc3 Rd7 14. Rfd1
Rad8 15. Nf3 Ne4 16. Qe1 Nb4 17. Rxd7 Rxd7 18. Rd1 f6 19. Rxd7 Bxd7 20. a3 Nc6
21. Qd1 Be6 22. Qc2 Nd6 23. c5 Nc8 24. Bd3 g6 25. Nd2 Qf7 26. b4 N8e7 27. b5
Na5 28. f4 Nd5 29. fxe5 Nxe3 30. Qc1 f5 31. Nf3 f4 32. Be4 Nb3 33. Qe1 Nxc5 34.
Bb1 Nf5 35. Qb4 b6 36. Qxf4 Qd7 37. Bxf5 Bxf5 38. e6 Qd1+ 0-1

[Event "20.  Ciudad de Pamplona - Magistral"]
[Site "Pamplona ESP"]
[Date "2010.12.29"]
[Round "8.4"]
[White "Tetimov, Ivan"]
[Black "Lariño Nieto, David"]
[Result "0-1"]
[WhiteElo "1997"]
[BlackElo "2451"]
[PlyCount "96"]
[EventDate "2010.12.22"]
[EventType "tourn"]
[EventRounds "9"]
[EventCountry "ESP"]
[EventCategory "2"]
[Source "lmi"]
[SourceDate "2010.12.22"]

1. d4 Nf6 2. Nf3 e6 3. c4 c5 4. g3 cxd4 5. Nxd4 Nc6 6. Bg2 Qa5+ 7. Bd2 Qb6 8.
Nb3 a5 9. c5 Bxc5 10. Nxc5 Qxc5 11. Na3 d5 12. O-O O-O 13. Be3 d4 14. Rc1 Qf5
15. Bd2 Rd8 16. Nc4 Ra6 17. Bf4 e5 18. Bxc6 exf4 19. Bg2 fxg3 20. fxg3 Qg5 21.
Rf4 b5 22. Nd2 Qe5 23. Kh1 Rad6 24. Ne4 Nxe4 25. Rxe4 Qg5 26. Rf4 Be6 27. b3
Bd5 28. Qd3 Bxg2+ 29. Kxg2 Qd5+ 30. Qf3 Qe6 31. Rc7 R6d7 32. Rxd7 Qxd7 33. Qd3
g6 34. e3 dxe3 35. Qxe3 Re8 36. Qc3 Qd5+ 37. Kg1 b4 38. Qc2 Re1+ 39. Kf2 Qh1
40. Qd3 Qg1+ 41. Kf3 Rd1 42. Qe2 Qh1+ 43. Kg4 Qd5 44. Kh3 Rd2 45. Qg4 Qg2+ 46.
Kh4 Qxh2+ 47. Kg5 Rd5+ 48. Kf6 Qb2+ 0-1

[Event "20.  Ciudad de Pamplona - Magistral"]
[Site "Pamplona ESP"]
[Date "2010.12.29"]
[Round "8.5"]
[White "Burguete Archel, Eduardo"]
[Black "Lillo Castay, Victor"]
[Result "1/2-1/2"]
[WhiteElo "2214"]
[BlackElo "2288"]
[PlyCount "91"]
[EventDate "2010.12.22"]
[EventType "tourn"]
[EventRounds "9"]
[EventCountry "ESP"]
[EventCategory "2"]
[Source "lmi"]
[SourceDate "2010.12.22"]

1. d4 Nf6 2. c4 e6 3. g3 c5 4. d5 exd5 5. cxd5 b5 6. e4 Nxe4 7. Qe2 Qe7 8. Bg2
Nd6 9. Be3 Na6 10. Nc3 Rb8 11. a4 b4 12. Nb5 Nf5 13. d6 Nxd6 14. Nxd6+ Qxd6 15.
Nf3 Qe7 16. O-O Nc7 17. Rfe1 Ne6 18. Qd2 Qd6 19. Qc2 Be7 20. Rad1 Qc7 21. Ng5
Bxg5 22. Bxg5 Kf8 23. Rxe6 fxe6 24. Bf4 Qb6 25. Bxb8 Qxb8 26. Qxc5+ Ke8 27. Rd4
Ba6 28. Bc6 Bc8 29. Bf3 Ba6 30. Bc6 Bc8 31. Rxb4 Qc7 32. Bxd7+ Qxd7 33. Rd4 Qb7
34. Qd6 Qb6 35. Qe5 Qb7 36. Qd6 Qb6 37. Qe5 Rg8 38. a5 Qb7 39. Qd6 Qe7 40. Qc6+
Bd7 41. Qa8+ Qd8 42. Qxa7 Rf8 43. Rb4 Bc8 44. Rd4 Qf6 45. Rc4 Qd8 46. Rd4
1/2-1/2

[Event "20.  Ciudad de Pamplona - Magistral"]
[Site "Pamplona ESP"]
[Date "2010.12.30"]
[Round "9.1"]
[White "Lillo Castay, Victor"]
[Black "Vega Gutierrez, Sabrina"]
[Result "1-0"]
[WhiteElo "2288"]
[BlackElo "2342"]
[PlyCount "92"]
[EventDate "2010.12.22"]
[EventType "tourn"]
[EventRounds "9"]
[EventCountry "ESP"]
[EventCategory "2"]
[Source "lmi"]
[SourceDate "2010.12.22"]

1. e4 c5 2. Nf3 Nc6 3. d4 cxd4 4. Nxd4 Nf6 5. Nc3 e5 6. Ndb5 d6 7. Bg5 a6 8.
Na3 b5 9. Nd5 Be7 10. Bxf6 Bxf6 11. c3 Ne7 12. Nxf6+ gxf6 13. Bd3 d5 14. Qe2
Bb7 15. O-O-O Qb6 16. exd5 Nxd5 17. Be4 O-O-O 18. Qf3 Nf4 19. g3 Bxe4 20. Qxe4
Ne6 21. Qf5 Rxd1+ 22. Rxd1 Rd8 23. Qxf6 Rxd1+ 24. Kxd1 Qd6+ 25. Kc1 b4 26. Nc4
Qc5 27. b3 bxc3 28. Qxf7 Nc7 29. Qf5+ Kb8 30. h4 Qd4 31. Qxe5 Qxf2 32. Qxc3
Qxa2 33. Qh8+ Kb7 34. Qxh7 Qe2 35. Qe4+ Qxe4 36. Nd6+ Kc6 37. Nxe4 Kd5 38. h5
Ke6 39. h6 Kf7 40. g4 Nd5 41. g5 a5 42. Kc2 Kg6 43. Kd3 Nb6 44. Kd4 a4 45. b4
a3 46. Nc3 Kf7 1-0

[Event "20.  Ciudad de Pamplona - Magistral"]
[Site "Pamplona ESP"]
[Date "2010.12.30"]
[Round "9.2"]
[White "Lariño Nieto, David"]
[Black "Burguete Archel, Eduardo"]
[Result "1-0"]
[WhiteElo "2451"]
[BlackElo "2214"]
[PlyCount "51"]
[EventDate "2010.12.22"]
[EventType "tourn"]
[EventRounds "9"]
[EventCountry "ESP"]
[EventCategory "2"]
[Source "lmi"]
[SourceDate "2010.12.22"]

1. e4 e5 2. Nf3 Nc6 3. Bb5 Nf6 4. Qe2 d6 5. d4 Bd7 6. Bxc6 Bxc6 7. dxe5 dxe5 8.
Nxe5 Bxe4 9. Nc3 Qe7 10. Nxe4 Qxe5 11. Nxf6+ gxf6 12. Bf4 Qxe2+ 13. Kxe2 O-O-O
14. Rad1 Bc5 15. Kf3 Rxd1 16. Rxd1 Re8 17. Rd5 Bf8 18. Rh5 h6 19. Bxh6 Bxh6 20.
Rxh6 Re6 21. Rh7 Rc6 22. Rxf7 Rxc2 23. h4 Rxb2 24. h5 Rb5 25. h6 Rh5 26. h7 1-0

[Event "20.  Ciudad de Pamplona - Magistral"]
[Site "Pamplona ESP"]
[Date "2010.12.30"]
[Round "9.3"]
[White "Rios, Alejandro"]
[Black "Tetimov, Ivan"]
[Result "1-0"]
[WhiteElo "2321"]
[BlackElo "1997"]
[PlyCount "106"]
[EventDate "2010.12.22"]
[EventType "tourn"]
[EventRounds "9"]
[EventCountry "ESP"]
[EventCategory "2"]
[Source "lmi"]
[SourceDate "2010.12.22"]

1. e4 e6 2. d4 d5 3. Nd2 c5 4. Ngf3 cxd4 5. exd5 Qxd5 6. Bc4 Qd6 7. O-O Nf6 8.
Nb3 Nc6 9. Nbxd4 Nxd4 10. Nxd4 a6 11. c3 Qc7 12. Qe2 Bd6 13. h3 O-O 14. Bg5 Nd7
15. Rad1 Ne5 16. Bb3 Ng6 17. Bc2 b6 18. Be4 Bb7 19. Bxb7 Qxb7 20. Nxe6 Bh2+ 21.
Kxh2 Rfe8 22. Rfe1 h6 23. Qg4 hxg5 24. Nxg5 Rxe1 25. Rxe1 f6 26. Qe6+ Kh8 27.
Qe8+ Nf8 28. Qh5+ Kg8 29. Nf3 b5 30. Nd4 b4 31. cxb4 Rd8 32. Nf5 Qc7+ 33. Kg1
g6 34. Qg4 Rd7 35. a3 Kf7 36. Ne3 Ne6 37. Qc4 Qe5 38. Nc2 Qf5 39. g4 Qd5 40.
Qxd5 Rxd5 41. Ne3 Rd2 42. Rd1 Rxb2 43. Rd7+ Ke8 44. Rd6 Ke7 45. Rxa6 Nf4 46. h4
Nh3+ 47. Kg2 Nxf2 48. Kf3 Nd3 49. Nd5+ Kf7 50. Rxf6+ Kg7 51. Ra6 Ne5+ 52. Kf4
Nf7 53. Ne7 g5+ 1-0

[Event "20.  Ciudad de Pamplona - Magistral"]
[Site "Pamplona ESP"]
[Date "2010.12.30"]
[Round "9.4"]
[White "Zamarbide Iñarrea, Daniel"]
[Black "Monell Camarasa, David"]
[Result "1/2-1/2"]
[WhiteElo "2194"]
[BlackElo "2257"]
[PlyCount "64"]
[EventDate "2010.12.22"]
[EventType "tourn"]
[EventRounds "9"]
[EventCountry "ESP"]
[EventCategory "2"]
[Source "lmi"]
[SourceDate "2010.12.22"]

1. e4 d5 2. exd5 Qxd5 3. Nc3 Qd8 4. d4 c6 5. Nf3 Nf6 6. Bc4 Bf5 7. Ne5 e6 8. g4
Bg6 9. h4 Bb4 10. f3 Nd5 11. Bxd5 cxd5 12. Qe2 Bxc3+ 13. bxc3 Qc8 14. c4 f6 15.
Nxg6 hxg6 16. Qd3 Qxc4 17. Qxg6+ Kf8 18. h5 Qc3+ 19. Kf2 Nd7 20. h6 gxh6 21.
Bxh6+ Ke7 22. Bf4 Qxd4+ 23. Be3 Qc3 24. Rxh8 Rxh8 25. Qg7+ Kd6 26. Qxh8 Qxa1
27. Bxa7 Qxa2 28. Bb8+ Nxb8 29. Qxb8+ Kd7 30. Qxb7+ Kd6 31. Qb6+ Kd7 32. Qb7+
Kd6 1/2-1/2